Entry Nombre personal
001 - NÚMERO DE CONTROL
- campo de control: 222591
003 - IDENTIFICADOR DE NÚMERO DE CONTROL
- campo de control: SpMaBN
005 - FECHA Y HORA DE LA ÚLTIMA TRANSACCIÓN
- campo de control: 20250722053228.0
008 - ELEMENTOS DE DATO DE LONGITUD-FIJA
- campo de control de longitud fija: 040326n| aijnnaabn |a aaa
016 ## - NÚMERO DE CONTROL DE UNA AGENCIA BIBLIOGRÁFICA NACIONAL
- Número de control del registro: BNE20040699004
024 7# - IDENTIFICADOR DE OTROS ESTÁNDARES
- Número estándar o código: http://www.wikidata.org/entity/Q3666315
- Fuente: wikidata
024 7# - IDENTIFICADOR DE OTROS ESTÁNDARES
- Número estándar o código: http://viaf.org/viaf/41883304/
- Fuente: viaf
024 7# - IDENTIFICADOR DE OTROS ESTÁNDARES
- Número estándar o código: https://isni.org/isni/0000000121297569
- Fuente: isni
040 ## - FUENTE DE CATALOGACIÓN
- Centro catalogador/agencia de origen: SpMaBN
- Lengua de catalogación: spa
- Centro/agencia transcriptor: SpMaBN
- Normas de descripción: rdc
- Convención/Normas de encabezamiento de materia/tesauro: embne
046 ## - FECHAS CON CODIFICACIÓN ESPECIAL
- Fecha de nacimiento: 1712
- Fecha de la muerte: 1784
100 1# - ENCABEZAMIENTO-NOMBRE DE PERSONA
- Nombre de persona: Jombert, Charles-Antoine,
- Fechas asociadas al nombre: 1712-1784
370 ## - LUGAR ASOCIADO
- Lugar de nacimiento: París
- Número de control del registro de autoridad o número normalizado: XX451222
- Fuente de información: Wikidata
374 ## - OCUPACIÓN
- Ocupación: Editores
- Ocupación: Escritores
- Fuente de información: Wikidata
375 ## - GÉNERO/SEXO
- Género: Masculino
- Fuente de información: Wikidata
377 ## - IDIOMA ASOCIADO
- Código del idioma: mul
- Término de lengua/lenguaje: Varias lenguas
400 1# - TRAZADO DE VÉASE--NOMBRE DE PERSONA
- Nombre de persona: Jombert, Charles Antoine,
- Fechas asociadas al nombre: 1712-1784
400 1# - TRAZADO DE VÉASE--NOMBRE DE PERSONA
- Nombre de persona: Jombert, Charles A.,
- Fechas asociadas al nombre: 1712-1784
400 1# - TRAZADO DE VÉASE--NOMBRE DE PERSONA
- Nombre de persona: Jombert, Charles Antoine, Père,
- Fechas asociadas al nombre: 1712-1784
670 ## - FUENTE DE DATOS ENCONTRADOS
- Cita de la fuente: WWW.VIAF, 15-02-2017
- Información encontrada: (Jombert, Charles-Antoine, 1712-1784)
670 ## - FUENTE DE DATOS ENCONTRADOS
- Cita de la fuente: WWW.CERL, 15-02-2017
- Información encontrada: cni00038753(Jombert, Charles-Antoine, 1712-1784)
670 ## - FUENTE DE DATOS ENCONTRADOS
- Cita de la fuente: WWW.BNF, 15-02-2017
- Información encontrada: (Jombert, Charles-Antoine, 1712-1784)
678 ## - DATOS BIOGRÁFICOS O HISTÓRICOS
- Datos biográficos o históricos: París (Francia). Impresor francés (fl. 1736-1784)
